000 01236nam a2200289 4500
001 175968
003 ES-MaACL
005 20250804110804.0
008 101202s2010 sp co |||| |dspa d
080 _a77"19"(083.824)
080 _a913(460.27 M.)(0:77)(083.824)
245 0 0 _aExposición Concurso Fotográfico Internacional 2009 =
_bInternational photography contest : Ateneo de Madrid.
246 3 _aInternational photography contest :
_bAteneo de Madrid
246 3 _aExposición Concurso Fotográfico Internacional 2009 :
_bBarrio de las Letras
260 _aMadrid :
_bAsociación de Comerciantes Barrio de las Letras,
_c2010.
300 _a[46] p. :
_bfot. col. y n., plano ;
_c19 x 19 cm.
610 2 4 _aAteneo de Madrid-
_vExposiciones-
_y2001-2009
_91924
650 4 _aFotografía-
_zMadrid (Comunidad Autónoma)-
_vExposiciones.
_9173416
650 4 _aFotografía-
_zEspaña-
_yS.XXI-
_vExposiciones.
_9173415
651 7 _aLas Cortes (Madrid, Barrio)
_9155920
651 4 _aMadrid (Comunidad Autónoma)-
_vExposiciones.
_9173411
655 7 _2tgfbne
_9193628
_aCatálogos de exposiciones
710 2 _aAteneo de Madrid.
_91875
852 _aES-MaACL
_j2304-F-12
942 _2udc
999 _c175968
_d175968